| 000 | 00923 a2200325 4500 | ||
|---|---|---|---|
| 999 |
_c59743 _d15210 |
||
| 001 | 59743 | ||
| 003 | TR-AnTOB | ||
| 005 | 20190521101700.0 | ||
| 008 | 070227m19851998tu 00001 tur | ||
| 020 | _a9754946973 | ||
| 040 |
_aTR-AnTOB _cTR-AnTOB |
||
| 041 | _atur | ||
| 049 | _aIBUL | ||
| 050 |
_aPL248.E84 _bB59 1998 |
||
| 090 | _aPL248.E84 B59 1998 | ||
| 100 |
_aEsendal, Memduh Şevket, _d1883-1952 _97590 |
||
| 245 | 0 |
_aBizim Nesibe / _cMemduh Şevket Esendal ; basıma hazırlayan Muzaffer Uyguner. |
|
| 250 | _a2. basım. | ||
| 264 | 1 |
_aAnkara : _bBilgi Yayınevi, _c1998. |
|
| 300 |
_a221 p. ; _c20 cm. |
||
| 336 |
_2rdacontent _atext _btxt |
||
| 337 |
_2rdamedia _aunmediated _bn |
||
| 338 |
_2rdacarrier _avolume _bnc |
||
| 490 | 0 | _v295. | |
| 490 | 0 |
_aBilgi yayınları ; _v295 _aMemduh Şevket Esendal Bütün eserleri ; _v10 |
|
| 901 | _a0018544 | ||
| 902 | _aGT | ||
| 942 |
_cBK _2lcc |
||